000
00318 a2200157 4500
001
192680
020
_a
0-7358-2013-9
040
_c
Magnum
100
_a
Grimm, Wilhelm
240
1
0
_a
Rapunzel
_l
ING
245
1
0
_a
Rapunzel
300
_a
24
362
0
_a
2005
697
_a
LITERATURA INFANTIL INGLESA
942
_c
BK
999
_c
192680
_d
192680